BEST RUSSIAN SHORT STORIES (Record no. 85493)

MARC details
000 -LEADER
fixed length control field 00407nam a2200169Ia 4500
008 - FIXED-LENGTH DATA ELEMENTS--GENERAL INFORMATION
fixed length control field 090124s9999 xx 000 0 und d
082 ## - DEWEY DECIMAL CLASSIFICATION NUMBER
Item number 7222
100 ## - MAIN ENTRY--PERSONAL NAME
Personal name PUSHKIN A.S.
245 ## - TITLE STATEMENT
Title BEST RUSSIAN SHORT STORIES
250 ## - EDITION STATEMENT
Edition statement 0
300 ## - PHYSICAL DESCRIPTION
Extent 231
600 ## - SUBJECT ADDED ENTRY--PERSONAL NAME
Personal name PUSHKIN A.S.
630 ## - SUBJECT ADDED ENTRY--UNIFORM TITLE
Uniform title BEST RUSSIAN SHORT STORIES
700 ## - ADDED ENTRY--PERSONAL NAME
Personal name PUSHKIN A.S.
730 ## - ADDED ENTRY--UNIFORM TITLE
Uniform title BEST RUSSIAN SHORT STORIES
942 ## - ADDED ENTRY ELEMENTS (KOHA)
Koha item type Book
Holdings
Withdrawn status Lost status Damaged status Not for loan Home library Current library Date acquired Cost, normal purchase price Total Checkouts Full call number Barcode Date last seen Cost, replacement price Price effective from Koha item type
        Nagar Wachan Mandir, Thane Nagar Wachan Mandir, Thane   0.00   7222 THNNWM-7222 01/24/2009 0.00 01/24/2009 Book